000 00671nam a22002297a 4500
005 20170124110238.0
010 _aA-518081
020 _c25.00
035 _aA-518081
037 _bCen Lib/Ret
040 _aDPL
_bEN
082 _a570
_bSAR
100 _aSarker, Manash Kumar
_987779
245 _aLife :
_cby Manash Kumar Sarker
_btheories of energies and completions /
260 _aCalcutta
_bSarker Publications
_c1991
270 _a8/4e, Birpara Lane
_bCalcutta
_e700030
300 _a115p.
_c21cm(Hb)
500 _aIncludes index
650 _aMatter and Energy
_987780
650 _aTheory of Atoms
_987781
942 _2ddc
_cEN
_h570
_mSAR
999 _c134993
_d134993